Power in and around organizations
Gardado en:
| Autor Principal: | |
|---|---|
| Formato: | Libro |
| Idioma: | Undetermined |
| Publicado: |
Englewood Cliffs, N.J.
Prentice-Hall
1983
|
| Những chủ đề: | |
| Các nhãn: |
Engadir etiqueta
Sen Etiquetas, Sexa o primeiro en etiquetar este rexistro!
|
| Thư viện lưu trữ: | Trung tâm Học liệu Trường Đại học Cần Thơ |
|---|
| LEADER | 00551nam a2200193Ia 4500 | ||
|---|---|---|---|
| 001 | CTU_87988 | ||
| 008 | 210402s9999 xx 000 0 und d | ||
| 082 | |a 302.35 | ||
| 082 | |b M667 | ||
| 100 | |a Mintzberg, Henry | ||
| 245 | 0 | |a Power in and around organizations | |
| 245 | 0 | |c Henry Mintzberg | |
| 260 | |a Englewood Cliffs, N.J. | ||
| 260 | |b Prentice-Hall | ||
| 260 | |c 1983 | ||
| 650 | |a Organization,Power (social sciences),Corporations | ||
| 650 | |z United States | ||
| 904 | |i Năm | ||
| 980 | |a Trung tâm Học liệu Trường Đại học Cần Thơ | ||